| 000 | 00770nam a2200289Ia 4500 | ||
|---|---|---|---|
| 008 | 171120s9999 xx 000 0 und d | ||
| 020 | _a9.7897127223e+012 | ||
| 050 | _a327 | ||
| 050 | _bH114 2009 | ||
| 100 | _aHaberer, Claude | ||
| 245 | _aBetween tiger and dragon / | ||
| 245 | _cby Claude Haberer ; foreword by Prof. Aileen Baviera. | ||
| 260 | _aPhilippines : | ||
| 260 | _bAnvil, | ||
| 260 | _c2009 | ||
| 300 | _a216 pages : | ||
| 300 | _billustrations ; | ||
| 300 | _c23cm. | ||
| 500 | _aIncludes index. | ||
| 650 | _aChina -- | ||
| 650 | _aInternational relations. | ||
| 650 | _aPhilippines -- | ||
| 650 | _xForeign relations -- China. | ||
| 650 | _xForeign relations -- Philippines. | ||
| 700 | _aBaviera, Aileen. | ||
| 700 | _aTitle. | ||
| 999 |
_c345350 _d345350 |
||